Top 15 Most Popular Pop Singers/Bands - Statistics

General Stats
  • This quiz has been taken 14 times
  • The average score is 7 of 15
Answer Stats
Order Answer % Correct
4 Taylor Swift
91%
1 Michael Jackson
73%
3 The Beatles
73%
2 Madonna
64%
13 Celine Dion
55%
6 Beyoncé
45%
9 Elton John
45%
7 Elvis Presley
45%
15 Ed Sheeran
36%
14 Adele
27%
10 Prince
27%
11 Rihanna
27%
12 Bruno Mars
18%
8 Mariah Carey
18%
5 Whitney Houston
9%
No matching quizzes found
Score Distribution
Percent of People with Each Score
Percentile by Number Answered
Your Score History
You have not taken this quiz